| 000 | 01198cam a22003377a 4500 | ||
|---|---|---|---|
| 003 | CHAP | ||
| 005 | 20220329141911.0 | ||
| 008 | 980506d1997 mx e r 00110 spa d | ||
| 010 | _a75464 | ||
| 011 | _a76436 | ||
| 035 | _a86021 | ||
| 040 | _cCHAP | ||
| 090 | _aFolleto 15056 | ||
| 100 | 0 | 0 |
_aGarcía Ocampo, Blanca Margarita _ecomp. _946388 |
| 245 | 1 | 0 |
_aGuía de servicios de información documental de la UACH 1996-97 _c/comp. por Blanca Margarita García Ocampo |
| 260 |
_aChapingo, Méx. : _bUACH. Biblioteca Central, _c1997. |
||
| 300 | _a49 p. | ||
| 590 |
_aBATCH-UPD _b10 _c20130110 _lUCH01 _h1253 |
||
| 590 |
_aBATCH-UPD _b10 _c20130410 _lUCH01 _h0815 |
||
| 590 |
_aBATCH-UPD _b10 _c20130914 _lUCH01 _h0109 |
||
| 590 |
_aBATCH-UPD _b10 _c20130914 _lUCH01 _h2022 |
||
| 590 |
_aCONVERSION _b10 _c20130109 _lUCH01 _h1341 |
||
| 650 | 1 | 4 |
_aAgricultura _xServicios de información. _91791 |
| 650 | 1 | 4 |
_aBibliotecas agrícolas. _912540 |
| 650 | 1 | 4 |
_aServicios de información _xDirectorios. _9105331 |
| 901 | _aBK | ||
| 905 | _aAlejandra Carrasco M. | ||
| 942 | _cFOLL | ||
| 949 |
_aFolleto 15056 _bBC _cFOLL _d860211 _eTS1 _i86021 _sb |
||
| 949 |
_aFolleto 15056 _bBC _cUACH _d860212 _eUACH _fc.2 _i86021 _sb |
||
| 999 |
_c75464 _d75464 |
||